000 00975nas a2200265 i 4500
001 1153
003 ES-MaACL
005 20250718150757.0
007 t|
008 950801d18421854sp | | 1 ||pa d
080 _a(054)
245 0 3 _aEl Heraldo
_b: periódico político, religioso, literario e industrial.
260 _aMadrid :
_bEl Heraldo,
_c1842-1854 (
_fAgustín Espinosa y Cia)
300 _a21 v. ;
_c51 cm.
310 _aDiaria, excepto lunes y domingos
362 0 _aN. 1 (16 jun. 1842)-n. 3719 (16 jul. 1854)
555 _aÍndice de escritores en: Veinticuatro diarios, Madrid 1830-1900 (Madrid : CSIC, Instituto Miguel de Cervantes, 1968)
580 _aEn 1844 absorbe a: El Corresponsal (Madrid)
650 1 4 _aPeriódicos
_915941
852 _aES-MaACL
_jHEM-GF-2
_dOlim: Hem-252-C
856 _uhttp://hemerotecadigital.bne.es/issn/1889-8963
_zIr a la página
866 0 _o1843-52(1853).
942 _2udc
_cPERIODICO
999 _c1153
_d1153